Statistics for Countries to Pictures

Click here to take the quiz!

General Stats

  • This quiz has been taken 14 times
  • The average score is 39 of 66

Answer Stats

Answer% Correct
Australia
100%
Austria
92%
Egypt
92%
Greece
92%
Afghanistan
83%
Brazil
83%
Hungary
83%
Jordan
83%
Canada
75%
Cuba
75%
Germany
75%
Iceland
75%
Italy
75%
Malaysia
75%
Mongolia
75%
North Korea
75%
Russia
75%
Croatia
67%
France
67%
India
67%
Iraq
67%
Japan
67%
Mexico
67%
Nepal
67%
Peru
67%
Saudi Arabia
67%
South Africa
67%
Switzerland
67%
Turkey
67%
United Arab Emirates
67%
United Kingdom
67%
United States
67%
Argentina
58%
Egypt
58%
Israel
58%
Kenya/ Tanzania
58%
Spain
58%
Vatican City
58%
Venezuela
58%
Vietnam
58%
Czech Republic
50%
Iran
50%
Ireland
50%
Monaco
50%
Myanmar
50%
Netherlands
50%
Nicaragua
50%
Norway
50%
Norway
50%
Thailand
50%
Belgium
42%
Madagascar
42%
Mali
42%
Morocco
42%
Namibia
42%
Portugal
42%
Sudan
42%
Taiwan
42%
Ukraine
42%
Armenia/ Turkey
33%
Thailand
33%
Yemen
33%
Kazakhstan
25%
New Zealand
25%
Sri Lanka
25%
Pakistan
17%

Score Distribution

Percentile by Number Answered

Percent of People with Each Score

Your Score History

You have not taken this quiz